Pla de prevenció d'incendis forestals a les urbanitzacions
Descripción Física:
1 cartipàs ; 34 x 26 cm
MARC
| LEADER | 00000nam a2200000Ia 4500 | ||
|---|---|---|---|
| 001 | 23776 | ||
| 008 | 160829s9999 xx 000 0 cat d | ||
| 080 | |a NBM-7-3 | ||
| 245 | |a Pla de prevenció d'incendis forestals a les urbanitzacions | ||
| 260 | |a Barcelona : |b Diputació de Barcelona, [s.a.] | ||
| 300 | |a 1 cartipàs ; |c 34 x 26 cm | ||
| 710 | 1 | |a Barcelona (Catalunya : Província). |b Diputació |9 52408 | |
| 901 | |a Arxiu | ||
| 942 | |n 1 | ||
| 952 | |0 0 |1 0 |4 0 |6 NBM73 |7 1 |9 55911 |a Arxiu |b Arxiu |d 2016-12-01 |l 0 |o NBM-7-3 |p 23776 |r 2016-12-01 00:00:00 |w 2016-12-01 |y ARXIU | ||
| 999 | |c 59784 |d 59784 | ||